| 000 | 00000nam##2200000za#4500 |
| 001 | 9.691680 |
| 003 | CaOODSP |
| 005 | 20210624232856 |
| 007 | cr ||||||||||| |
| 008 | 150407|2008||||xxc|||||o f|0| 0 eng|d |
| 020 | |a978-1-100-11539-9 |
| 040 | |aCaOODSP|beng |
| 043 | |an-cn--- |
| 086 | 1 |aMR21-136/2009E-PDF |
| 110 | 2 |aCanadian Institutes of Health Research. |
| 245 | 10|aKnowledge to action - a knowledge translation casebook |h[electronic resource] |
| 260 | |aOttawa - Ontario : |bCanadian Institutes of Health Research |cc2008. |
| 300 | |a50p. |
| 590 | |a09-23|b2009-06-05 |
| 690 | 07|aSafety education|2gcpds |
| 775 | 08|tDes connaissances à la pratique - recueil de cas d'application des connaissances |w(CaOODSP)9.635993 |
| 776 | 0#|tKnowledge to action - a knowledge translation casebook |w(CaOODSP)9.670825 |
| 776 | 0#|tDes connaissances à la pratique - recueil de cas d'application des connaissances |w(CaOODSP)9.670826 |
| 856 | 40|ahttp://publications.gc.ca|qPDF|s737 KB|uhttps://publications.gc.ca/collections/collection_2009/irsc-cihr/MR21-136-2009E.pdf |